[Event "FRA-ch rap (Women)"]
[Site "Rennes"]
[Date "2009.??.??"]
[Round "?"]
[White "Guia, Stephanie"]
[Black "Brih, Touatia"]
[Result "0-1"]
[WhiteElo "1980"]
[BlackElo "1980"]
[PlyCount "104"]
[EventDate "2009.06.??"]
[EventType "swiss (rapid)"]
[EventRounds "7"]
[EventCountry "FRA"]
[SourceTitle "EXT 2010"]
[Source "ChessBase"]
[SourceDate "2010.11.25"]
[SourceVersion "1"]
[SourceVersionDate "2010.11.25"]
[SourceQuality "1"]

1. e4 e5 2. Nf3 d6 3. d4 exd4 4. Nxd4 d5 5. e5 Bc5 6. Nc3 c6 7. Be2 Qb6 8. Na4 Qa5+ 9. c3 Be7 10. b4 Qc7 11. Nf3 a5 12. b5 Bd7 13. b6 Qd8 14. Be3 Na6 15. 0-0 Rc8 16. Rb1 Nb8 17. Bc5 Nh6 18. c4 0-0 19. Qc2 Na6 20. Bd6 Bxd6 21. exd6 Bf5 22. Qc3 Bxb1 23. Rxb1 Qxd6 24. Qxa5 Rfe8 25. Bd3 dxc4 26. Bxc4 Rcd8 27. Bxa6 bxa6 28. h3 Qd3 29. Rc1 Rd5 30. Qb4 Re4 31. Qb3 Qxb3 32. axb3 Rb4 33. Rxc6 g6 34. Nc5 Rxc5 35. Rxc5 Rxb6 36. Ra5 Nf5 37. Ne5 Nd4 38. b4 Kg7 39. Nd7 Rxb4 40. Rxa6 Rb1+ 41. Kh2 Rb2 42. f3 Nxf3+ 43. Kg3 Ne1 44. Ra7 Rxg2+ 45. Kf4 Nd3+ 46. Kf3 Rg5 47. Ke4 Nf2+ 48. Kf4 Nxh3+ 49. Kf3 Rf5+ 50. Kg4 Nf2+ 51. Kg3 h5 52. Ne5 Ne4+ 0-1

[Event "FRA-ch op-A"]
[Site "Pau"]
[Date "2008.08.19"]
[Round "7"]
[White "Brih, Touatia"]
[Black "Batteux, Mickael"]
[Result "1/2-1/2"]
[WhiteElo "1934"]
[BlackElo "2030"]
[PlyCount "38"]
[EventDate "2008.08.11"]
[EventType "swiss"]
[EventRounds "9"]
[EventCountry "FRA"]
[SourceTitle "CBM 126 Extra"]
[Source "ChessBase"]
[SourceDate "2008.11.05"]
[SourceVersion "1"]
[SourceVersionDate "2008.11.05"]
[SourceQuality "1"]

1. e4 e6 2. d4 d5 3. Nc3 Nf6 4. e5 Nfd7 5. Nce2 c5 6. f4 Nc6 7. Nf3 f6 8. c3 fxe5 9. fxe5 cxd4 10. cxd4 Bb4+ 11. Nc3 0-0 12. Bd3 Rxf3 13. Qxf3 Qh4+ 14. Qg3 Qxd4 15. Bxh7+ Kxh7 16. Qh3+ Kg8 17. Qxe6+ Kh7 18. Qh3+ Kg8 19. Qe6+ Kh7 1/2-1/2

[Event "FRA-chT U20 0405"]
[Site "Agneaux"]
[Date "2004.12.20"]
[Round "5.2"]
[White "Edouard, Romain"]
[Black "Brih, Touatia"]
[Result "1-0"]
[WhiteElo "2212"]
[BlackElo "1891"]
[PlyCount "87"]
[EventDate "2004.12.16"]
[EventType "team"]
[EventRounds "7"]
[EventCountry "FRA"]
[SourceTitle "EXT 2006"]
[Source "ChessBase"]
[SourceDate "2005.11.24"]
[SourceVersion "1"]
[SourceVersionDate "2005.11.24"]
[SourceQuality "1"]
[WhiteTeam "Sautron"]
[BlackTeam "AECE"]
[WhiteTeamCountry "FRA"]
[BlackTeamCountry "FRA"]

1. e4 Nf6 2. e5 Nd5 3. d4 d6 4. c4 Nb6 5. exd6 exd6 6. Nc3 g6 7. Nf3 Bg7 8. Qe2+ Qe7 9. Qxe7+ Kxe7 10. Bg5+ f6 11. Be3 c6 12. 0-0-0 Bg4 13. c5 Nd5 14. Nxd5+ cxd5 15. Bf4 dxc5 16. dxc5 Bxf3 17. gxf3 Rd8 18. Bd6+ Kf7 19. Rxd5 Nc6 20. b4 Nxb4 21. Rd4 Bh6+ 22. f4 Nc6 23. Bc4+ Kg7 24. Re4 Ne5 25. Bb3 Bxf4+ 26. Rxf4 Rxd6 27. cxd6 Nd3+ 28. Kb1 Nxf4 29. Re1 Rd8 30. Re7+ Kh6 31. d7 b5 32. Kc2 Nh5 33. Bd5 Ng7 34. Bc6 Nf5 35. Re4 a6 36. Kc3 Nd6 37. Re7 Kg5 38. Kb4 f5 39. Kc5 Ne4+ 40. Bxe4 fxe4 41. Rxh7 Kg4 42. Kb6 Kf3 43. Rf7+ Kg2 44. h4 1-0

[Event "Rohde op 04th"]
[Site "Sautron "]
[Date "2004.10.30"]
[Round "4"]
[White "Brih, Touatia"]
[Black "Chabradze, Boris"]
[Result "0-1"]
[WhiteElo "1891"]
[BlackElo "2131"]
[PlyCount "68"]
[EventDate "2004.10.23"]
[EventType "swiss"]
[EventRounds "9"]
[EventCountry "FRA"]
[SourceTitle "EXT 2006"]
[Source "ChessBase"]
[SourceDate "2005.11.24"]
[SourceVersion "1"]
[SourceVersionDate "2005.11.24"]
[SourceQuality "1"]

1. e4 c5 2. Nf3 d6 3. d4 cxd4 4. Nxd4 Nf6 5. Nc3 a6 6. Bg5 e6 7. f4 Be7 8. Qf3 Qa5 9. Nb3 Qc7 10. 0-0-0 Bd7 11. f5 0-0 12. h4 Nc6 13. g4 Ne5 14. Qg3 Nexg4 15. Bxf6 Nxf6 16. Bd3 Ne8 17. Rdg1 Bf6 18. Ne2 d5 19. exd5 Qxg3 20. Nxg3 exd5 21. Nh5 Bc6 22. Nxf6+ Nxf6 23. Nd4 Rfe8 24. Re1 Ne4 25. Rhg1 Nf2 26. Rxe8+ Rxe8 27. Bxa6 bxa6 28. Nxc6 Re4 29. f6 g6 30. h5 Kf8 31. hxg6 fxg6 32. Rg5 Re1+ 33. Kd2 Re6 34. Nd4 Ne4+ 0-1

[Event "Rohde op 04th"]
[Site "Sautron "]
[Date "2004.10.30"]
[Round "8"]
[White "Brih, Touatia"]
[Black "Fantin, Ludwig"]
[Result "0-1"]
[WhiteElo "1891"]
[BlackElo "2175"]
[PlyCount "150"]
[EventDate "2004.10.23"]
[EventType "swiss"]
[EventRounds "9"]
[EventCountry "FRA"]
[SourceTitle "EXT 2006"]
[Source "ChessBase"]
[SourceDate "2005.11.24"]
[SourceVersion "1"]
[SourceVersionDate "2005.11.24"]
[SourceQuality "1"]

1. e4 c5 2. Nf3 d6 3. d4 Nf6 4. dxc5 Nc6 5. Nc3 dxc5 6. Qxd8+ Nxd8 7. Nb5 Ne6 8. Bc4 a6 9. Bxe6 axb5 10. Bxc8 Rxc8 11. e5 Nd5 12. 0-0 e6 13. Bg5 h6 14. Bh4 g5 15. Bg3 Rd8 16. a4 b4 17. a5 Be7 18. Rfd1 0-0 19. Nd2 Ra8 20. Nc4 Ra6 21. Nd6 f5 22. f3 Ne3 23. Rd2 Bxd6 24. exd6 Rd8 25. Re2 f4 26. Bf2 Rdxd6 27. Bxe3 fxe3 28. Rxe3 b6 29. Re5 Kf7 30. Kf2 Kf6 31. Re4 Rd2+ 32. Re2 Rd6 33. Re4 Rxa5 34. Rxa5 bxa5 35. Rc4 Rd2+ 36. Kg3 Rd5 37. b3 Ke5 38. Kf2 Kd6 39. Ke3 Rd1 40. h4 Rd5 41. hxg5 Rxg5 42. g4 Kd5 43. Rf4 h5 44. gxh5 Rxh5 45. Rf8 Rh2 46. Kd3 Rf2 47. Rd8+ Ke5 48. Rf8 Kd6 49. Rf7 e5 50. Rf6+ Ke7 51. Rf5 Ke6 52. Rf8 e4+ 53. Kxe4 Rxc2 54. Ra8 Re2+ 55. Kd3 Rf2 56. Rxa5 Rxf3+ 57. Kc2 Rf2+ 58. Kd3 Kd5 59. Ra8 Rb2 60. Rd8+ Kc6 61. Kc4 Rc2+ 62. Kd3 Rc3+ 63. Kd2 Rxb3 64. Kc2 Rc3+ 65. Kb2 Kb5 66. Rb8+ Kc4 67. Rh8 Rd3 68. Rh4+ Rd4 69. Rh2 b3 70. Rg2 Kb4 71. Rg8 Rd2+ 72. Kc1 Rh2 73. Rg4+ c4 74. Kb1 Ka3 75. Rg1 c3 0-1

[Event "FRA-chT U20 0304"]
[Site "France"]
[Date "2003.11.22"]
[Round "1"]
[White "Brih, Touatia"]
[Black "Chiu, Alexandre"]
[Result "1/2-1/2"]
[WhiteElo "2014"]
[BlackElo "2112"]
[PlyCount "99"]
[EventDate "2003.11.??"]
[EventType "team"]
[EventRounds "11"]
[EventCountry "FRA"]
[SourceTitle "EXT 2005"]
[Source "ChessBase"]
[SourceDate "2004.11.15"]
[SourceVersion "1"]
[SourceVersionDate "2004.11.15"]
[SourceQuality "1"]
[WhiteTeam "Creteil"]
[BlackTeam "Clichy"]
[WhiteTeamCountry "FRA"]
[BlackTeamCountry "FRA"]

1. e4 e6 2. d4 d5 3. Nc3 Nf6 4. Bg5 Be7 5. e5 Nfd7 6. Bxe7 Qxe7 7. Nb5 Nb6 8. c3 a6 9. Na3 c5 10. f4 Nc6 11. Nf3 Bd7 12. Nc2 Na4 13. Rb1 b5 14. Ne3 Nb6 15. Qd2 cxd4 16. cxd4 Rc8 17. Rc1 0-0 18. Be2 Qb4 19. a3 Qxd2+ 20. Kxd2 Nc4+ 21. Bxc4 bxc4 22. f5 Rb8 23. Rc2 Rb3 24. Ke2 Rfb8 25. fxe6 fxe6 26. Nd1 Rd3 27. Rd2 Rxd2+ 28. Kxd2 Rb3 29. Kc1 Be8 30. Nc3 Bh5 31. Rd1 Na7 32. Rf1 Nc6 33. Rd1 Bxf3 34. gxf3 g5 35. Rd2 Kf7 36. Kd1 Kg6 37. Ke2 Kf5 38. Kf2 h5 39. Kg3 Na7 40. Kg2 Nb5 41. Ne2 Rd3 42. Ng3+ Kg6 43. Rxd3 cxd3 44. Kf2 Nxd4 45. Ke3 Nc6 46. Kxd3 Nxe5+ 47. Kc3 Nc4 48. a4 e5 49. Ne2 h4 50. b4 1/2-1/2

[Event "Wch U14 Girls"]
[Site "Chalkidiki"]
[Date "2003.10.24"]
[Round "2"]
[White "Brih, Touatia"]
[Black "Leks, Hanna"]
[Result "0-1"]
[WhiteElo "2014"]
[BlackElo "2080"]
[PlyCount "106"]
[EventDate "2003.10.23"]
[EventType "swiss"]
[EventRounds "11"]
[EventCountry "GRE"]
[SourceTitle "EXT 2004"]
[Source "ChessBase"]
[SourceDate "2003.11.25"]
[SourceVersion "1"]
[SourceVersionDate "2003.11.25"]
[SourceQuality "1"]

1. e4 c5 2. Nf3 d6 3. d4 cxd4 4. Nxd4 Nf6 5. Nc3 Nc6 6. Bg5 e6 7. Qd2 a6 8. 0-0-0 h6 9. Nxc6 bxc6 10. Bf4 d5 11. Bd3 Bb4 12. a3 Ba5 13. exd5 cxd5 14. Be2 Ne4 15. Qd4 Nxc3 16. bxc3 0-0 17. Rd3 Bb6 18. Qe5 f6 19. Qh5 Qe8 20. Qh4 Kh7 21. Bh5 Qd7 22. Rh3 Qa4 23. Bg6+ Kg8 24. Qg3 e5 25. Bxh6 gxh6 26. Be8+ Qg4 27. Bc6 Rb8 28. Bxd5+ Kh7 29. Qd3+ Bf5 30. Qd2 Qg5 31. Qxg5 fxg5 32. Rf3 Bg6 33. Re1 Rxf3 34. Bxf3 Re8 35. Re2 e4 36. Bg4 Bc5 37. a4 h5 38. Bd7 Rf8 39. f3 e3 40. Bc6 Rd8 41. a5 Bf7 42. Be4+ Kg7 43. Bd3 Rd6 44. Kb2 Bg6 45. Bxg6 Kxg6 46. Kc1 Ba7 47. Kb2 Rd5 48. Kb3 Rd2 49. Re1 Rxg2 50. h3 e2 51. Kb4 Be3 52. Kc4 Bd2 53. Rb1 e1Q 0-1

[Event "FRA-chT (Women) 03rd"]
[Site "Evry"]
[Date "2003.02.08"]
[Round "2.3"]
[White "Leconte, Maria"]
[Black "Brih, Touatia"]
[Result "1-0"]
[WhiteElo "2322"]
[BlackElo "1870"]
[PlyCount "51"]
[EventDate "2003.02.07"]
[EventRounds "7"]
[EventCountry "FRA"]
[SourceTitle "CBM 092 Extra"]
[Source "ChessBase"]
[SourceDate "2003.03.07"]
[SourceVersion "1"]
[SourceVersionDate "2003.03.07"]
[SourceQuality "1"]
[WhiteTeam "Cannes (W)"]
[BlackTeam "Creteil (W)"]
[WhiteTeamCountry "FRA"]
[BlackTeamCountry "FRA"]

1. e4 e5 2. Nf3 Nc6 3. Bc4 Nf6 4. d3 Bc5 5. c3 d6 6. Nbd2 Be6 7. Bb3 0-0 8. 0-0 Bb6 9. Nc4 Na5 10. Nxa5 Bxa5 11. Bc2 Bg4 12. h3 Bh5 13. Kh2 Qe7 14. g4 Bg6 15. Nh4 Bb6 16. Nf5 Bxf5 17. gxf5 Nd7 18. Qg4 Kh8 19. Rg1 f6 20. Rg2 c6 21. Bd2 d5 22. Rag1 Rf7 23. Qh4 Rg8 24. Bd1 Nc5 25. Bh5 g6 26. fxg6 1-0

[Event "FRA-chT (Women) 03rd"]
[Site "Evry"]
[Date "2003.02.07"]
[Round "1.4"]
[White "Bertin, Nathalie"]
[Black "Brih, Touatia"]
[Result "1-0"]
[WhiteElo "1730"]
[BlackElo "1860"]
[PlyCount "75"]
[EventDate "2003.02.07"]
[EventRounds "7"]
[EventCountry "FRA"]
[SourceTitle "CBM 092 Extra"]
[Source "ChessBase"]
[SourceDate "2003.03.07"]
[SourceVersion "1"]
[SourceVersionDate "2003.03.07"]
[SourceQuality "1"]
[WhiteTeam "Mulhouse (W)"]
[BlackTeam "Creteil (W)"]
[WhiteTeamCountry "FRA"]
[BlackTeamCountry "FRA"]

1. e4 e5 2. Nf3 Nc6 3. Bc4 Nf6 4. d3 Bc5 5. Bg5 d6 6. c3 h6 7. Bh4 Bg4 8. h3 Bh5 9. Nbd2 g5 10. Bg3 Qd7 11. b4 Bb6 12. a4 a5 13. b5 Ne7 14. Qc2 Bg6 15. Qb3 Nh5 16. Bxe5 dxe5 17. Nxe5 Qd6 18. Bxf7+ Bxf7 19. Qxf7+ Kd8 20. Ndc4 Qf6 21. Qxh5 Qxf2+ 22. Kd1 Qxg2 23. Qf3 Qxf3+ 24. Nxf3 Ng6 25. Nxb6 cxb6 26. Kd2 Nf4 27. Ne5 Kc7 28. h4 Rhg8 29. hxg5 hxg5 30. Rh7+ Kd6 31. Nc4+ Ke6 32. Rxb7 g4 33. Rxb6+ Kd7 34. Ne5+ Kc7 35. Rc6+ Kb7 36. Rg1 g3 37. Rf6 g2 38. Rxf4 1-0

[Event "FRA-ch U14 Girls"]
[Site "Le Grand Bornand"]
[Date "2003.??.??"]
[Round "3.4"]
[White "Brih, Touatia"]
[Black "Esposito, Julie"]
[Result "0-1"]
[WhiteElo "1870"]
[BlackElo "1600"]
[PlyCount "88"]
[EventDate "2003.??.??"]
[EventType "swiss"]
[EventRounds "9"]
[EventCountry "FRA"]
[SourceTitle "EXT 2004"]
[Source "ChessBase"]
[SourceDate "2003.11.25"]
[SourceVersion "1"]
[SourceVersionDate "2003.11.25"]
[SourceQuality "1"]

1. e4 e5 2. Nf3 Nc6 3. d4 exd4 4. Nxd4 Bc5 5. Be3 Bb6 6. Bc4 d6 7. 0-0 Nf6 8. Nc3 h6 9. h3 0-0 10. Qd2 Re8 11. Nxc6 bxc6 12. Bd3 Bxe3 13. Qxe3 d5 14. Qd4 Qd6 15. exd5 cxd5 16. Nb5 Qe7 17. Qc3 c5 18. Rfe1 Ne4 19. Bxe4 dxe4 20. Rad1 Ba6 21. Nd6 Red8 22. Qxc5 Rdc8 23. Qa3 Rc6 24. Rxe4 Qc7 25. Re8+ Rxe8 26. Nxe8 Qe5 27. Nd6 Qe2 28. Qf3 Qxf3 29. gxf3 Rxc2 30. Rb1 Bd3 31. Rd1 Bg6 32. Rd5 Rxb2 33. Ra5 Rd2 34. Nc4 Rd7 35. Ne5 Rc7 36. Ra6 Bf5 37. h4 h5 38. Kf1 Rc5 39. f4 Rxe5 40. fxe5 Bd3+ 41. Ke1 Bxa6 42. Kd2 Kf8 43. Kc3 Ke7 44. Kb4 Ke6 0-1